MARC

LEADER 00000nas a2200000 a 4500
001 ssj0014414
003 WaSeSS
005 20200512172242.0
006 m d
007 cr n
008 970313c19769999paubr pss 0 a0eng c
010 |a sn 97004541  
022 |a 1095-7138  |l 0363-0129  |y 0363-0129 
035 |a (WaSeSS)ssj0014414 
040 |a LDL  |b eng  |c LDL  |d NSD  |d OCL  |d OCLCQ  |d MUQ  |d OCL  |d BUF  |d OCLCQ  |d OCLCO  |d OCLCQ  |d OCLCF  |d OCLCO  |d OCLCQ  |d WT2  |d OCLCQ  |d AU@  |d VT2  |d OCLCQ  |d WaSeSS 
042 |a nsdp  |a pcc 
050 4 |a TJ212  |b .S2 
082 1 0 |a 629  |2 12 
130 0 |a SIAM journal on control and optimization (Online) 
210 0 |a SIAM j. control optim.  |b (Online) 
222 0 |a SIAM journal on control and optimization  |b (Online) 
245 1 0 |a SIAM journal on control and optimization  |h [electronic resource]. 
246 3 0 |a Journal on control and optimization 
260 |a [Philadelphia, Pa.] :  |b SIAM 
310 |a Bimonthly 
362 1 |a Began with vol. 14, no. 1 (Jan. 1976). 
506 |a License restrictions may limit access. 
538 |a Mode of access: World Wide Web. 
588 0 |a Vol. 14, no. 1 (Jan. 1976); title from PDF running title (SIAM Journals Online, viewed Mar. 27, 2009). 
588 1 |a Vol. 48, no. 2 (2009) (viewed Mar. 27, 2009). 
650 0 |a Control theory  |v Periodicals. 
650 0 |a Mathematical optimization  |v Periodicals. 
650 0 |a Automatic control  |v Periodicals. 
650 6 |a Commande, Théorie de la  |v Périodiques. 
650 6 |a Optimisation mathématique  |v Périodiques. 
650 6 |a Commande automatique  |v Périodiques. 
650 7 |a Automatic control.  |2 fast  |0 (OCoLC)fst00822702 
650 7 |a Control theory.  |2 fast  |0 (OCoLC)fst00877085 
650 7 |a Mathematical optimization.  |2 fast  |0 (OCoLC)fst01012099 
655 0 |a Electronic journals. 
710 2 |a Society for Industrial and Applied Mathematics. 
776 0 8 |i Print version:  |t SIAM journal on control and optimization  |x 0363-0129  |w (DLC) 76641753  |w (OCoLC)2014747 
780 0 0 |t SIAM journal on control 
856 4 0 |z Full text available from Research Library: 1976 to 05/31/2014  |u https://search.proquest.com/publication/666312